Solar Energy: fundamentals and Application / (Record no. 12969)
[ view plain ]
| 000 -LEADER | |
|---|---|
| fixed length control field | 00457cam a2200169ua 4500 |
| 003 - CONTROL NUMBER IDENTIFIER | |
| control field | OSt |
| 008 - FIXED-LENGTH DATA ELEMENTS--GENERAL INFORMATION | |
| fixed length control field | 241030b |||||||| |||| 00| 0 eng d |
| 020 ## - INTERNATIONAL STANDARD BOOK NUMBER | |
| ISBN | 9780074636312 |
| 082 ## - DEWEY DECIMAL CLASSIFICATION NUMBER | |
| Classification number | 621.47 |
| Item number | GAR/SO |
| 100 ## - MAIN ENTRY--AUTHOR NAME | |
| Personal name | Garg, H.P; . |
| 100 ## - MAIN ENTRY--AUTHOR NAME | |
| Personal name | Prakash, J. |
| 245 ## - TITLE STATEMENT | |
| Title | Solar Energy: fundamentals and Application / |
| 250 ## - EDITION STATEMENT | |
| Edition statement | 1- Re |
| 260 ## - PUBLICATION, DISTRIBUTION, ETC. (IMPRINT) | |
| Place of publication | New Delhi : |
| Name of publisher | Tata Mc-Graw Hill Publishing Company , |
| Year of publication | 2013 |
| 300 ## - PHYSICAL DESCRIPTION | |
| Number of Pages | 434p. |
| 942 ## - ADDED ENTRY ELEMENTS (KOHA) | |
| Koha item type | Book Bank scheme for SC students |
| Withdrawn status | Lost status | Damaged status | Home library | Current library | Shelving location | Date acquired | Full call number | Accession Number | Koha item type | Collection code | Source of acquisition | Cost, normal purchase price |
|---|---|---|---|---|---|---|---|---|---|---|---|---|
| KAUAET | KAUAET | Shelf- 7A | 07/04/2012 | 621.47 GAR/SO | 21239 | Books | ||||||
| KAUAET | KAUAET | Scheme | 23/08/2016 | 621.4 GAR/SO | BB 267 | Book Bank scheme for SC students | Calicut Book Daistributors, Calicut. | 665.00 |
